MDQL
is popping MORE tags! Check the
thread
!
Quizzes
Events
Quiz Creation
Community
Videos
Private Events
Remove Ads
Sign In
Join for FREE
Feedback
Dark Mode
Quiz Categories
Sports
Geography
Music
Movies
Television
Just For Fun
Miscellaneous
History
Literature
Language
Science
Gaming
Entertainment
Religion
Holiday
For Kids
Quiz Lab
Recent
Popular Today
Quiz Kudos Today
Editor Picks
Curator Picks
Quizzes by...
Day
Popularity
Type
Ratings
Length
Year
Community
Subscriptions
Recent Discussions
Orange Saloon
Badges
Playlists
Quests
Create
Leaderboards
Showdown
Live 5
Trivia Bingo
Activity
Puzzle Library
Sporcle Events
Private Events
Virtual Trivia
Globe League
Become a Host
Pub Owners
SporcleCon
Opinionation
Our Games
Videos
Blog
Mobile Apps
Partnerships
Remove Ads and Go Orange
Feedback
Sports
Athletes
MLB
NBA
NHL
NFL
Soccer
Sports Teams
WWE
NCAA
Football
Premier League
Basketball
Baseball
Hockey
Golf
Tennis
Cricket
Rugby
Auto Racing
Olympics
World Cup
Sports
Athletes
MLB
NBA
NHL
NFL
Soccer
Sports Teams
WWE
NCAA
Football
Premier League
Basketball
Baseball
Hockey
Golf
Tennis
Cricket
Rugby
Auto Racing
Olympics
World Cup
Random Quiz
Search Sporcle
×
Quiz Lab
Quiz Lab
Sports
MLB
Type in answers that appear in a list
Type in answers that appear in a list
Classic
Best Score? Go Orange.
Mets Opening Day Lineups Since 2006 Stats
Can you name the Opening Day Lineups In The Carlos Delgado Era (2006-2009)?
By
AmazinAvenue
4m
36 Questions
3,044 Plays
3,044 Plays
3,044 Plays
Comments
Comments
Give Quiz Kudos
Give Quiz Kudos
-
- Ratings
hide this ad
Replay
Link that replays current quiz
Next Quiz
Link to next quiz in quiz playlist
You Got
0%
They Got
Avg Score
73%
Avg Friend Score
Upgrade to see
Score Distribution
Jump to the score distribution portion of the page
Score
0/36
Timer
04:00
0
Plays Today
Year
Player
% Correct
2006
Jose Reyes
97.7%
2007
Jose Reyes
97.7%
2008
Jose Reyes
97.7%
2009
Jose Reyes
97.7%
2006
David Wright
97.5%
2007
David Wright
97.5%
2008
David Wright
97.5%
2009
David Wright
97.5%
2006
Carlos Delgado
97.3%
2007
Carlos Delgado
97.3%
2008
Carlos Delgado
97.3%
2009
Carlos Delgado
97.3%
2006
Carlos Beltran
94.6%
2007
Carlos Beltran
94.6%
2008
Carlos Beltran
94.6%
2009
Carlos Beltran
94.6%
2008
Johan Santana
87.9%
2009
Johan Santana
87.9%
Year
Player
% Correct
2006
Paul Lo Duca
76.2%
2007
Paul Lo Duca
76.2%
2008
Luis Castillo
73.1%
2009
Luis Castillo
73.1%
2006
Tom Glavine
63.2%
2007
Tom Glavine
63.2%
2008
Brian Schneider
52.6%
2009
Brian Schneider
52.6%
2008
Ryan Church
50.2%
2009
Ryan Church
50.2%
2009
Daniel Murphy
50%
2006
Cliff Floyd
44%
2007
Moises Alou
40.5%
2007
Shawn Green
38.5%
2007
Jose Valentin
36.7%
2008
Angel Pagan
32.4%
2006
Anderson Hernandez
29.5%
2006
Xavier Nady
28.8%
Quiz Playlist
Details
Report
Send in Message
Add To Playlist
Classic:
Type in answers that appear in a list
Quiz Source
Last Updated: Apr 29, 2017
Quiz Scoreboard
CHALLENGE
Sign Up to Join the Scoreboard
Show All
Scores
Hide
Comments
May contain spoilers
Recently Published
5x2 Blitz: Bands
by SL_Kpop136
Music
30s
Colored Red Africa Blitz
by spor1
Geography
30s
Find the 'City' Movie
by crazypaving
Movies
60s
More to Explore
Quiz From the Vault
Featured Blog Post
14 Easter Pick-up Lines to Find Eggs With
hide this ad
You Might Also Like...
Tags
Baseball Quiz
MLB Quiz
2000s
Era
Opening Day Lineups
Player
pos
Today's Top Quizzes in Sports
Browse Sports
hide this ad
Today's Top Quizzes in MLB
Browse MLB
Top Contributed Quizzes in Sports
1
Les entraîneurs de l'OM et du PSG au 21e siècle
2
Les meilleurs buteurs des matchs entre le PSG et l’OM
3
Players with Multiple 50 Home Run Seasons
4
2022 World Cup Stars
5
Les joueurs passés par le PSG et l'OM
6
NBA Logic Puzzle 2.0
7
Criteria MLB: Left Handed Sluggers
8
MLB Players with Two .350 Batting Average Seasons
9
Top 10 NHL Goal Scorers of All Time
10
Who Hit More Homers?
Explore More
Trending Topics
Marvel
Kpop
Harry Potter
Crossword
Anime
Disney
NBA
The Office
Soccer
Pokémon
Song
WWE
Puzzle
NFL
Country
hide this ad
More By:
AmazinAvenue
Quiz
Plays
Rating
Category
Featured
Created
Mets Opening Day Lineups Since 2006
3,044
3.36
Sports
Apr 12, 2010
Mets Pitchers with 200+ Strikeouts
2,204
4.00
Sports
May 24, 2010
Mets 15/15 Batters
1,258
4.00
Sports
Jul 6, 2010
Mets Third Basemen, Minimum 50 Games
1,105
4.11
Sports
Jun 22, 2010
Mets Highest-Paid Players
953
4.00
Sports
Aug 9, 2010
Go to Creator's Profile
Score Distribution
Quiz Creator Spotlight
AmazinAvenue
Follow
Send a Message
Quizzes Created
-
Created Quiz Play Count
-
More By This Creator
Popular Quizzes Today
1
Colored Red Africa Blitz
2
Find the 'City' Movie
3
Find the US States - No Outlines Minefield
4
5x2 Blitz: Bands
5
The Countries of the World
6
Find the US States
7
Find the Countries of Europe - No Outlines Minefield
8
US States
More Sports Quizzes
WWE's Longest World Championship Reigns (All 4 titles)
Quiz Lab
Trending Quizzes
Colored Red Europe Blitz I
Colored Red Europe Blitz II
Colored Red Africa Blitz II
Colored Red Europe Blitz III
Colored Red Africa Blitz III
Recently Updated
How Do You Spell That?
pecheneg
Godzilla Movies
pecheneg
Grab Bag: 4-10 Letters
pecheneg
2024 March Madness Bracket
pecheneg
Famous TV Couples
Peacemaker
Champions League XIs: Real Madrid
pecheneg
Largest US Cities 1790-2010
pecheneg
Rides in Walt Disney World
pecheneg
Most Oscar Losses (Acting)
pecheneg
Beyoncé Albums
pecheneg
Trending Topics
Disney
Marvel
Harry Potter
NBA
Crossword
Anime
Kpop
Pokémon
The Office
Country
NFL
WWE
Soccer
Song
Puzzle
Your Account Isn't Verified!
In order to create a playlist on Sporcle, you need to verify the email address you used during registration. Go to your
Sporcle Settings
to finish the process.
Report this User
Report this user for behavior that violates our
Community Guidelines
.
Details:
Send Report
Go to the Sporcle.com Mobile Site →
Comments